书目信息 |
| 题名: |
超实用工作法
|
|
| 作者: | 马秀云 著 | |
| 分册: | ||
| 出版信息: | 北京 中国法制出版社 2020 |
|
| 页数: | 205页 | |
| 开本: | 24cm | |
| 丛书名: | ||
| 单 册: | ||
| 中图分类: | B026-49 , B026 | |
| 科图分类: | ||
| 主题词: | 工作方法--通俗读物 | |
| 电子资源: | ||
| ISBN: | 978-7-5216-0847-2 | |
| 000 | 01014nam0 2200265 450 | |
| 001 | 2062282217 | |
| 005 | 20201130094620.49 | |
| 010 | @a978-7-5216-0847-2@dCNY45.00 | |
| 100 | @a20200711d2020 em y0chiy50 ea | |
| 101 | 0 | @achi |
| 102 | @aCN@b110000 | |
| 105 | @ay z 000yy | |
| 200 | 1 | @a超实用工作法@9chao shi yong gong zuo fa@b专著@dThe practical working method@e高效工作技巧@f马秀云著@zeng |
| 210 | @a北京@c中国法制出版社@d2020 | |
| 215 | @a205页@d24cm | |
| 300 | @a超实用系列图书 | |
| 330 | @a本书分为时间整理:时间一样多,如何应付双倍工作;效能整理:把握关键,工作从此焕然一新;工作整理:不想累死自己,就要学会把工作变简单;人际整理:搞定职场人际关系,从此不再吃闷亏等六部分,包括100多个整理工作的技巧。 | |
| 510 | 1 | @aPractical working method@zeng |
| 517 | 1 | @a高效工作技巧@9gao xiao gong zuo ji qiao |
| 606 | 0 | @a工作方法@j通俗读物 |
| 690 | @aB026-49@v5 | |
| 690 | @aB026@v4 | |
| 701 | 0 | @a马秀云@9ma xiu yun@c(电视工作)@4著 |
| 801 | 2 | @aCN@b58marc.cn@c20200717 |
| 905 | @aMUSE@dB026@e21 | |
| 超实用工作法=The practical working method:高效工作技巧/马秀云著.-北京:中国法制出版社,2020 |
| 205页;24cm |
| 超实用系列图书 |
| ISBN 978-7-5216-0847-2:CNY45.00 |
| 本书分为时间整理:时间一样多,如何应付双倍工作;效能整理:把握关键,工作从此焕然一新;工作整理:不想累死自己,就要学会把工作变简单;人际整理:搞定职场人际关系,从此不再吃闷亏等六部分,包括100多个整理工作的技巧。 |
| ● |
| 相关链接 |
|
|
|
正题名:超实用工作法
索取号:B026/21
 
预约/预借
| 序号 | 登录号 | 条形码 | 馆藏地/架位号 | 状态 | 备注 |
| 1 | 871461 | 2000871461 | 第二书库/ [索取号:B026/21] | 在馆 | |
| 2 | 871462 | 2000871462 | 第二书库/ [索取号:B026/21] | 在馆 | |
| 3 | 871463 | 2000871463 | 第二书库/ [索取号:B026/21] | 在馆 |